| 000 | 00969nam a22002051i 4500 | ||
|---|---|---|---|
| 001 | 181161 | ||
| 003 | ES-MaACL | ||
| 005 | 20230906221304.0 | ||
| 008 | 121025s1911 sp |||| | spa d | ||
| 100 | 1 |
_aBuen y Lozano, Rafael de. _932359 |
|
| 245 | 1 | 3 |
_aEl Museo Oceanográfico de Mónaco y los trabajos en él realizados en 1910 / _cpor Rafael de Buen y Lozano. |
| 260 |
_a[Madrid : _bJunta para Amplicación de Estudios e Investigaciones Científicas, _c1911] |
||
| 300 |
_aP. 213-246, [4] h. de lám. : _bil. ; _c24 cm. |
||
| 490 | 1 |
_aAnales de la Junta para Ampliación de Estudios e Investigaciones Científicas ; _vt. 5, memoria 5 |
|
| 610 | 2 | 4 |
_aMuseo Oceanográfico de Mónaco. _9151727 |
| 710 | 2 |
_aJunta para la Ampliación de Estudios e Investigaciones Científicas. _95413 |
|
| 830 | 0 |
_aAnales de la Junta para Ampliación de Estudios e Investigaciones Científicas ; _vt. 5, memoria 5 _9186710 |
|
| 852 |
_aES-MaACL _jB-13161(5) |
||
| 999 |
_c181161 _d181161 |
||